La Burbuja de la hegemonía norteamericana /
Spremljeno u:
| Glavni autor: | |
|---|---|
| Format: | Tekst |
| Teme: | |
| Oznake: |
Dodaj oznaku
Bez oznaka, Budi prvi tko označuje ovaj zapis!
|
MARC
| LEADER | 00000 a a2200000 04500 | ||
|---|---|---|---|
| 001 | 18262 | ||
| 003 | |||
| 040 | |||
| 100 | |a Soros, George | ||
| 245 | |a La Burbuja de la hegemonía norteamericana / |c George Soros | ||
| 650 | |a RELACIONES INTERNACIONALES | ||
| 650 | |a IMPERIALISTA | ||
| 650 | |a GUERRA | ||
| 773 | |g número 95; páginas 142-144 | ||
| 999 | |c 27433 |d 27433 | ||
